• 首页
  • 本馆介绍
  • 公告通知
  • 最新文献
  • 馆藏检索
  • 电子资源
  • 读者导购
  • 参考咨询
  • 我的图书馆
  • 登录
  • 详细信息显示
  • 放入我的书架
  • 预约/预借图书
  • 作者相关作品
  • 分类相关作品
  • 丛书相关作品
  • 出版社相关作品

书目信息

  • 表格格式
  • 工作单格式
  • 卡片格式
题名:
水肥一体化实用技术
    
 
作者: 张宪光 , 张建文 , 刘凯 , 刘前萍 主编
分册:  
出版信息: 北京   中国农业科学技术出版社  2019.7
页数: 174页
开本: 21cm
丛书名: 乡村振兴之农民素质教育提升系列丛书
单 册:
中图分类: S365
科图分类:
主题词: 肥水管理
电子资源:
ISBN: 978-7-5116-4312-4
000 01465oam2 2200289 45
001 012001003646
005 20131105091952.0
010    @a978-7-5116-4312-4@dCNY26.00
100    @a20190723d2019 em y0chiy0110 ea
101 0  @achi
102    @aCN@b110000
105    @ay z 000yy
106    @ar
200 1  @a水肥一体化实用技术@9shui fei yi ti hua shi yong ji shu@f张宪光,张建文,刘凯,刘前萍主编
210    @a北京@c中国农业科学技术出版社@d2019.7
215    @a174页@d21cm
225 2  @a乡村振兴之农民素质教育提升系列丛书
330    @a随着水肥一体化技术的出现,农田灌溉施肥也逐渐走向机械化、自动化。无人机、喷灌设备、滴灌设备及其配套设备发展迅速,在全国各地有了越来越多的应用,并已取得了较大成效。我们在总结近年来水肥一体化技术应用经验的基础上,收集查阅并参考了相关书籍及网站,编写了《水肥一体化实用技术》一书。本书从8个章节对水肥一体化实用技术及应用进行了详细讲解。具体章节包括:水肥一体化技术概述、喷灌系统、微灌系统、水肥一体化系统运行管理与维护、水肥一体化中的灌溉施肥制度、蔬菜水肥一体化技术应用、果树水肥一体化技术应用、粮经作物水肥一体化技术应用。语言通俗、科学实用,对农业生产者和农技推广人员具有重要的参考价值。
461  0 @12001 @a乡村振兴之农民素质教育提升系列丛书
606 0  @a肥水管理
690    @aS365@v5
701  0 @a张宪光@9zhang xian guang@4主编
701  0 @a张建文@9zhang jian wen@4主编
701  0 @a刘凯@9liu kai@4主编
701  0 @a刘前萍@9liu qian ping@4主编
801  0 @aCN@b上海新华@c20191020
905    @b1206111-4@dS365@e66@f4
    
    水肥一体化实用技术/张宪光,张建文,刘凯,刘前萍主编.-北京:中国农业科学技术出版社,2019.7
    174页;21cm.-(乡村振兴之农民素质教育提升系列丛书)
    
    
    ISBN 978-7-5116-4312-4:CNY26.00
    随着水肥一体化技术的出现,农田灌溉施肥也逐渐走向机械化、自动化。无人机、喷灌设备、滴灌设备及其配套设备发展迅速,在全国各地有了越来越多的应用,并已取得了较大成效。我们在总结近年来水肥一体化技术应用经验的基础上,收集查阅并参考了相关书籍及网站,编写了《水肥一体化实用技术》一书。本书从8个章节对水肥一体化实用技术及应用进行了详细讲解。具体章节包括:水肥一体化技术概述、喷灌系统、微灌系统、水肥一体化系统运行管理与维护、水肥一体化中的灌溉施肥制度、蔬菜水肥一体化技术应用、果树水肥一体化技术应用、粮经作物水肥一体化技术应用。语言通俗、科学实用,对农业生产者和农技推广人员具有重要的参考价值。
●
相关链接 在E读中查询图书 在五车中查询图书 在当当中查询图书 在豆瓣中查询图书


正题名:水肥一体化实用技术     索取号:S365/66         预约/预借

序号 登录号 条形码 馆藏地/架位号 状态 备注
1 1206111   212061114   第二样本阅览室/ [索取号:S365/66] 在馆    
2 1206112   212061123   第三借阅区/ [索取号:S365/66] 在馆    
3 1206113   212061132   第三借阅区/ [索取号:S365/66] 在馆    
4 1206114   212061141   第三借阅区/ [索取号:S365/66] 在馆    
唐山师范学院图书馆 欢迎您!
大连网信软件有限公司© 版权所有